| 000 | 00513nac a22001691u 4500 | ||
|---|---|---|---|
| 008 | 100905s2002 xxu|||||r|||| 00| 0 eng d | ||
| 020 | _a8170082366 | ||
| 082 |
_a621.75 _bRAJ _222 |
||
| 100 |
_aRajput, R. K. _917931 |
||
| 245 | 1 | 0 |
_aBasic Mechanical Engineering. _cR. K. Rajput. |
| 250 | _a3rd ed. | ||
| 260 |
_aNew Delhi : _bLamxi publications, _c2002. |
||
| 300 |
_a717 p. : _bill. ; _c24 cm. |
||
| 500 | _aIncludes index. | ||
| 650 | 0 |
_aMechanical engineering. _917932 |
|
| 942 |
_cBB _k621.75 RAJ _2ddc |
||
| 999 |
_c821 _d821 |
||